Klesanie zahraničných investícií dotlačilo vládu k prijatiu ďalších stimulov

Nové zvýhodnenia pre zahraničných investorov schválené vládou SR v máji 2000 - desaťročné daňové prázdniny, finančný príspevok na novovytvorené pracovné miesta, prístup k pozemkom s infraštruktúrou. Zvýhodnenia sa musia najprv zapracovať do existujúcich právnych predpisov. Pokles záujmu zahraničia o...

Descripción completa

Guardado en:
Detalles Bibliográficos
Autor principal: Vašina, Peter
Formato: Capítulo de libro
Lenguaje:eslovaco
Materias:
Etiquetas: Agregar Etiqueta
Sin Etiquetas, Sea el primero en etiquetar este registro!

MARC

LEADER 00000naa a2200000 4500
001 r038407
005 20230921110030.1
041 0 |a slo 
044 |a SK 
245 1 0 |a Klesanie zahraničných investícií dotlačilo vládu k prijatiu ďalších stimulov  |c Peter Vašina 
520 |a Nové zvýhodnenia pre zahraničných investorov schválené vládou SR v máji 2000 - desaťročné daňové prázdniny, finančný príspevok na novovytvorené pracovné miesta, prístup k pozemkom s infraštruktúrou. Zvýhodnenia sa musia najprv zapracovať do existujúcich právnych predpisov. Pokles záujmu zahraničia o investovanie na Slovensku. Čistý prílev priamych zahraničných investícií do transformujúcich sa štátov. 
610 2 0 |a investície priame zahraničné 
610 2 0 |a investície zahraničné 
610 2 0 |a stimulovanie 
610 2 0 |a úľavy daňové 
610 2 0 |a Slovensko 
610 2 0 |a SVE 
610 2 0 |a vláda 
610 2 0 |a zvýhodnenie daňové 
100 1 |a Vašina, Peter